[Event "DVM U16 2010"]
[Site "Naumburg (Saale) GER"]
[Date "2010.12.30"]
[Round "7"]
[White "Pauly, Carlo"]
[Black "Zimmermann, Ulrich"]
[Result "0-1"]
[Termination "normal"]
[Board "1.1"]
[WhiteElo "2077"]
[BlackElo "2054"]
[WhiteTeam "SF Köln-Mülheim"]
[BlackTeam "SK Bebenhausen"]
[PlyCount "78"]
[WhiteFideId "24673269"]
[BlackFideId "24654523"]
[EventCountry "GER"]
[EventRounds "7"]
[EventType "team-swiss"]
[EventDate "2010.12.26"]

1. c4 c6 2. g3 d5 3. Nf3 Nf6 4. Bg2 dxc4 5. O-O Nbd7 6. a4 a5 7. Qc2 Nb6 8. Na3
g6 9. Nxc4 Nxc4 10. Qxc4 Bg7 11. d3 O-O 12. Qh4 Qb6 13. Ne5 Be6 14. Nc4 Bxc4
15. Qxc4 Rfd8 16. Rb1 Nd5 17. Bg5 h6 18. Bd2 e6 19. Bc3 Nb4 20. Be4 c5 21. Rfc1
Rac8 22. Bf3 Qc7 23. h4 h5 24. g4 hxg4 25. Qxg4 Qe7 26. h5 g5 27. Bxb7 Qxb7 28.
Qxg5 f6 29. Bxf6 Rd5 30. Qg4 Qf7 31. Bc3 Kh7 32. f3 Bd4+ 33. Kf1 Rg8 34. Qe4+
Qf5 35. Qxf5+ Rxf5 36. Bxd4 cxd4 37. Rc7+ Kh6 38. Re7 Rfg5 39. Rxe6+ Kxh5 0-1

[Event "DVM U16 2010"]
[Site "Naumburg (Saale) GER"]
[Date "2010.12.30"]
[Round "7"]
[White "Kaulich, Philipp Theodor"]
[Black "Eigemann, Frederik"]
[Result "1-0"]
[Termination "normal"]
[Board "1.2"]
[WhiteElo "1961"]
[BlackElo "1973"]
[WhiteTeam "SK Bebenhausen"]
[BlackTeam "SF Köln-Mülheim"]
[PlyCount "92"]
[WhiteFideId "4641582"]
[BlackFideId "24692034"]
[EventCountry "GER"]
[EventRounds "7"]
[EventType "team-swiss"]
[EventDate "2010.12.26"]

1. e4 e6 2. Nf3 d5 3. e5 b6 4. c3 Qd7 5. d4 c5 6. a3 Ba6 7. Bxa6 Nxa6 8. b4 Ne7
9. O-O Ng6 10. h4 h5 11. Bg5 Be7 12. g3 Rc8 13. Qd3 Nc7 14. Nbd2 Bxg5 15. Nxg5
Ne7 16. Ndf3 Nf5 17. Nh3 g6 18. bxc5 bxc5 19. Rfb1 Na8 20. Qa6 O-O 21. Rb7 Rc7
22. Rab1 cxd4 23. cxd4 Nb6 24. Rxc7 Qxc7 25. Nhg5 Rc8 26. Kg2 Rb8 27. a4 Nd7
28. Nxe6 Ne3+ 29. Kh3 Qc2 30. Rxb8+ Nxb8 31. Qxa7 Qf5+ 32. Kh2 Ng4+ 33. Kg2
Qxe6 34. Qxb8+ Kg7 35. Qb2 Qa6 36. Qb5 Qc8 37. Qb3 Qa6 38. Qc2 Qa5 39. Nh2 Qe1
40. Nxg4 hxg4 41. Kh2 Qb4 42. Qd1 Qb2 43. Kg2 Qa2 44. Qxg4 Qxa4 45. h5 Qb4 46.
hxg6 fxg6 1-0

[Event "DVM U16 2010"]
[Site "Naumburg (Saale) GER"]
[Date "2010.12.30"]
[Round "7"]
[White "Eigemann, Julian"]
[Black "Gibicar, Danijel"]
[Result "1/2-1/2"]
[Termination "normal"]
[Board "1.3"]
[WhiteElo "1832"]
[BlackElo "2003"]
[WhiteTeam "SF Köln-Mülheim"]
[BlackTeam "SK Bebenhausen"]
[PlyCount "47"]
[WhiteFideId "24666599"]
[BlackFideId "24660256"]
[EventCountry "GER"]
[EventRounds "7"]
[EventType "team-swiss"]
[EventDate "2010.12.26"]

1. e4 e6 2. d3 d5 3. Nd2 Nf6 4. Ngf3 Be7 5. g3 b5 6. Bg2 c5 7. O-O Nc6 8. Re1
Bb7 9. e5 Nd7 10. Nf1 Nb6 11. Ne3 c4 12. dxc4 a5 13. Kh1 b4 14. Ng1 a4 15. a3
bxa3 16. bxa3 Rb8 17. Ne2 Nc8 18. f4 g6 19. Rb1 N8a7 20. Nc3 Qa5 21. Bd2 Qd8
22. Bc1 Qa5 23. Bd2 Qd8 24. Bc1 1/2-1/2

[Event "DVM U16 2010"]
[Site "Naumburg (Saale) GER"]
[Date "2010.12.30"]
[Round "7"]
[White "Xu, Xianliang"]
[Black "Rahmen, Christian"]
[Result "1-0"]
[Termination "normal"]
[Board "1.4"]
[WhiteElo "1993"]
[BlackElo "1507"]
[WhiteTeam "SK Bebenhausen"]
[BlackTeam "SF Köln-Mülheim"]
[PlyCount "57"]
[WhiteFideId "4603230"]
[BlackFideId "12901709"]
[EventCountry "GER"]
[EventRounds "7"]
[EventType "team-swiss"]
[EventDate "2010.12.26"]

1. e4 Nf6 2. e5 Nd5 3. d4 d6 4. f4 g6 5. Nf3 Bg7 6. Bc4 Nb6 7. Bb3 Nc6 8. c3
Bf5 9. O-O Qd7 10. a4 Na5 11. Bc2 Bxc2 12. Qxc2 Nd5 13. b4 Nc4 14. Qb3 Nce3 15.
Re1 Nxg2 16. Kxg2 dxe5 17. fxe5 Qg4+ 18. Kf2 O-O-O 19. c4 Nb6 20. a5 Na8 21.
Qe3 f6 22. Qf4 h5 23. Rg1 fxe5 24. Rxg4 exf4 25. Rxg6 Bxd4+ 26. Nxd4 Rxd4 27.
Bb2 Rxc4 28. Bxh8 Rc2+ 29. Kf3 1-0

[Event "DVM U16 2010"]
[Site "Naumburg (Saale) GER"]
[Date "2010.12.30"]
[Round "7"]
[White "Medvedovski, Michael"]
[Black "Schindlbeck, Tobias"]
[Result "0-1"]
[Termination "normal"]
[Board "2.1"]
[WhiteElo "1886"]
[BlackElo "1910"]
[WhiteTeam "Sabt Frankfurter TV 1860"]
[BlackTeam "FC Ergolding"]
[PlyCount "86"]
[WhiteFideId "24600830"]
[BlackFideId "24615510"]
[EventCountry "GER"]
[EventRounds "7"]
[EventType "team-swiss"]
[EventDate "2010.12.26"]

1. e4 c5 2. Nf3 e6 3. Nc3 Nc6 4. d4 cxd4 5. Nxd4 a6 6. Be2 Qc7 7. Be3 Bb4 8.
O-O Nf6 9. Na4 d5 10. Nxc6 bxc6 11. Nb6 Rb8 12. exd5 Nxd5 13. Nxd5 cxd5 14. Qd4
O-O 15. Bf4 Bd6 16. Bxd6 Qxd6 17. c4 Qb4 18. b3 a5 19. Rfb1 Ba6 20. a3 Qe7 21.
Bd3 Rfd8 22. Qc3 dxc4 23. Bxc4 Qc5 24. Rc1 Bxc4 25. bxc4 Rd4 26. Rab1 Rbd8 27.
h3 h6 28. Rb5 Rd1+ 29. Rxd1 Rxd1+ 30. Kh2 Qxf2 31. Rb2 Qf4+ 32. g3 Qf1 33. Rb8+
Kh7 34. Qc2+ f5 35. Qg2 Qxc4 36. Rb2 Rd3 37. Ra2 f4 38. g4 e5 39. Rc2 Qd4 40.
Qe2 f3 41. Qf1 Rd1 42. Qf2 Qf4+ 43. Qg3 Rh1+ 0-1

[Event "DVM U16 2010"]
[Site "Naumburg (Saale) GER"]
[Date "2010.12.30"]
[Round "7"]
[White "Oberpriller, Johannes"]
[Black "Diyap, Murat"]
[Result "1-0"]
[Termination "normal"]
[Board "2.2"]
[WhiteElo "1837"]
[BlackElo "1951"]
[WhiteTeam "FC Ergolding"]
[BlackTeam "Sabt Frankfurter TV 1860"]
[PlyCount "56"]
[WhiteFideId "1270621"]
[BlackFideId "1272104"]
[EventCountry "GER"]
[EventRounds "7"]
[EventType "team-swiss"]
[EventDate "2010.12.26"]

1. d4 d5 2. c4 e6 3. Nc3 c6 4. Nf3 Nf6 5. Bg5 Be7 6. e3 O-O 7. cxd5 exd5 8. Qc2
h6 9. Bh4 Be6 10. Bd3 Nbd7 11. O-O Rc8 12. Rac1 Bg4 13. Qe2 Re8 14. h3 Bh5 15.
a3 Bd6 16. g4 Bg6 17. Bxg6 fxg6 18. g5 Nh7 19. gxh6 g5 20. Bg3 Bxg3 21. fxg3
gxh6 22. e4 dxe4 23. Nxe4 Qe7 24. Rce1 Kg7 25. Qd3 Ndf6 26. Nxf6 Qxf6 27. Rxe8
Rxe8 28. Ne5 Qe6 1-0

[Event "DVM U16 2010"]
[Site "Naumburg (Saale) GER"]
[Date "2010.12.30"]
[Round "7"]
[White "Keller, Peter"]
[Black "Schnurr, Christian"]
[Result "1/2-1/2"]
[Termination "normal"]
[Board "2.3"]
[WhiteElo "1802"]
[BlackElo "1930"]
[WhiteTeam "Sabt Frankfurter TV 1860"]
[BlackTeam "FC Ergolding"]
[PlyCount "86"]
[WhiteFideId "1272105"]
[BlackFideId "1270622"]
[EventCountry "GER"]
[EventRounds "7"]
[EventType "team-swiss"]
[EventDate "2010.12.26"]

1. e4 d5 2. exd5 Qxd5 3. Nc3 Qa5 4. d4 Nf6 5. Nf3 Bg4 6. Bd2 c6 7. Bc4 e6 8. h3
Bh5 9. g4 Bg6 10. Qe2 Bb4 11. O-O-O Nbd7 12. a3 Bxc3 13. Bxc3 Qc7 14. Ne5 O-O-O
15. Nxg6 hxg6 16. g5 Nd5 17. Bxd5 cxd5 18. Rd3 Rh4 19. Bd2 Kb8 20. f4 Ka8 21.
Rc3 Qb6 22. Qd3 Nb8 23. Rb3 Qc7 24. Kb1 Nc6 25. Rf1 Rc8 26. Rc3 Qd7 27. Rf3 Ne7
28. Rxc8+ Qxc8 29. Qb5 Qc6 30. Qb4 Qd7 31. Rc3 Rh8 32. Qc5 Nc6 33. b4 Re8 34.
b5 Ne7 35. a4 f6 36. a5 f5 37. b6 Nc6 38. a6 Rc8 39. Qb5 bxa6 40. Qxa6 Qb7 41.
Qxb7+ Kxb7 42. bxa7 Kxa7 43. Be3 Ka6 1/2-1/2

[Event "DVM U16 2010"]
[Site "Naumburg (Saale) GER"]
[Date "2010.12.30"]
[Round "7"]
[White "Schoepe, Tobias"]
[Black "Abrahamyan, Arsen"]
[Result "0-1"]
[Termination "normal"]
[Board "2.4"]
[WhiteElo "1840"]
[BlackElo "1709"]
[WhiteTeam "FC Ergolding"]
[BlackTeam "Sabt Frankfurter TV 1860"]
[PlyCount "98"]
[WhiteFideId "24692107"]
[BlackFideId "1271755"]
[EventCountry "GER"]
[EventRounds "7"]
[EventType "team-swiss"]
[EventDate "2010.12.26"]

1. e4 c5 2. Nc3 Nc6 3. f4 g6 4. Nf3 Bg7 5. d3 e6 6. Be2 Nge7 7. O-O O-O 8. Kh1
d5 9. Ng5 Nd4 10. Nf3 Nec6 11. Nxd4 Nxd4 12. Bf3 Nxf3 13. Qxf3 d4 14. Ne2 Bd7
15. Ng3 f5 16. Qe2 Re8 17. Qf2 Bc6 18. Bd2 Qb6 19. Rab1 a5 20. a3 Qc7 21. Rfc1
b6 22. b4 axb4 23. axb4 Ra2 24. bxc5 bxc5 25. Qe1 Bh6 26. e5 Rb8 27. Ra1 Rbb2
28. Rxa2 Rxa2 29. Kg1 Qa7 30. Nf1 Bf8 31. Qg3 Ba4 32. c3 dxc3 33. Rxc3 Bc6 34.
Rc1 Qd7 35. h4 Ra3 36. Bc3 Rxc3 37. Rxc3 Qd4+ 38. Kh2 Qxc3 39. h5 Kf7 40. Qg5
Bg7 41. h6 Bxe5 42. fxe5 Qxe5+ 43. Kg1 Qd4+ 44. Qe3 Kf6 45. Qxd4+ cxd4 46. Nd2
Bb5 47. Nb3 e5 48. Nc1 Kg5 49. Kf2 Kxh6 0-1

[Event "DVM U16 2010"]
[Site "Naumburg (Saale) GER"]
[Date "2010.12.30"]
[Round "7"]
[White "Gerntke, Oliver"]
[Black "Konow, Philipp"]
[Result "0-1"]
[Termination "normal"]
[Board "3.2"]
[WhiteElo "1910"]
[BlackElo "1929"]
[WhiteTeam "SC 1911 Großröhrsdorf"]
[BlackTeam "Stader SV"]
[PlyCount "88"]
[WhiteFideId "24647977"]
[BlackFideId "4635230"]
[EventCountry "GER"]
[EventRounds "7"]
[EventType "team-swiss"]
[EventDate "2010.12.26"]

1. d4 d5 2. c4 e6 3. cxd5 exd5 4. Nf3 c5 5. Nc3 Nc6 6. g3 Nf6 7. Bg5 Be7 8. Bg2
O-O 9. O-O cxd4 10. Nxd4 h6 11. Bf4 a6 12. Rc1 Re8 13. Nxd5 Nxd5 14. Rxc6 Nxf4
15. gxf4 bxc6 16. Bxc6 Bd7 17. Bxa8 Qxa8 18. Nf3 Bg4 19. Qd3 Bxf3 20. Qxf3 Qxf3
21. exf3 Bf6 22. b4 Re2 23. a4 Rb2 24. b5 axb5 25. axb5 Rxb5 26. Kg2 g6 27. Kg3
Rd5 28. Re1 Kg7 29. Kg2 Bd8 30. Kg3 Kf6 31. Rb1 Kf5 32. Rc1 f6 33. Rb1 Bc7 34.
Rb4 Bd6 35. Rc4 g5 36. Rc2 Bxf4+ 37. Kg2 Rd4 38. h3 h5 39. Ra2 h4 40. Ra5+ Be5
41. Ra2 Kf4 42. Re2 f5 43. Ra2 Rd3 44. Rc2 Bd4 0-1

[Event "DVM U16 2010"]
[Site "Naumburg (Saale) GER"]
[Date "2010.12.30"]
[Round "7"]
[White "Carmesin, Matthias"]
[Black "Plaettner, Stefan"]
[Result "1-0"]
[Termination "normal"]
[Board "3.3"]
[WhiteElo "1862"]
[BlackElo "1805"]
[WhiteTeam "Stader SV"]
[BlackTeam "SC 1911 Großröhrsdorf"]
[PlyCount "45"]
[WhiteFideId "4635965"]
[BlackFideId "1270618"]
[EventCountry "GER"]
[EventRounds "7"]
[EventType "team-swiss"]
[EventDate "2010.12.26"]

1. e4 d6 2. d4 Nf6 3. Nc3 c6 4. f4 Qa5 5. Bd3 e5 6. Nf3 Bg4 7. Be3 Bxf3 8. Qxf3
Qb6 9. Ne2 exf4 10. Nxf4 Qb4+ 11. c3 Qxb2 12. Rc1 Nbd7 13. O-O Rb8 14. Bc4 Be7
15. Nd3 Qb6 16. e5 O-O 17. exf6 Nxf6 18. Nf2 d5 19. Bd3 Qc7 20. Ng4 Nxg4 21.
Qxg4 Kh8 22. Bh6 gxh6 23. Qf5 1-0

[Event "DVM U16 2010"]
[Site "Naumburg (Saale) GER"]
[Date "2010.12.30"]
[Round "7"]
[White "Schneider, Carsten"]
[Black "Vogt, Marc Jonas"]
[Result "1/2-1/2"]
[Termination "normal"]
[Board "3.4"]
[WhiteElo "1512"]
[BlackElo "1632"]
[WhiteTeam "SC 1911 Großröhrsdorf"]
[BlackTeam "Stader SV"]
[PlyCount "77"]
[BlackFideId "24695661"]
[EventCountry "GER"]
[EventRounds "7"]
[EventType "team-swiss"]
[EventDate "2010.12.26"]

1. d4 d5 2. c4 e6 3. Nc3 c5 4. cxd5 exd5 5. Nf3 Nc6 6. Bf4 Nf6 7. e3 Be6 8. Bd3
Be7 9. O-O O-O 10. Qc2 Nb4 11. Qd2 Nxd3 12. Qxd3 h6 13. Ne5 Nd7 14. Nf3 Rc8 15.
Rfe1 a6 16. Rac1 b5 17. a3 Qb6 18. e4 dxe4 19. Nxe4 Bf5 20. Qd2 cxd4 21. Rxc8
Rxc8 22. Nxd4 Bg6 23. Nf3 Rd8 24. Qc1 Nc5 25. Nxc5 Qxc5 26. Qxc5 Bxc5 27. Be3
Bxe3 28. Rxe3 Rd1+ 29. Re1 Rxe1+ 30. Nxe1 Be4 31. g3 Kf8 32. f4 Ke7 33. Kf2 Kd6
34. b4 Kd5 35. Ke3 f6 36. Nd3 Bxd3 37. Kxd3 g5 38. fxg5 fxg5 39. g4 1/2-1/2

[Event "DVM U16 2010"]
[Site "Naumburg (Saale) GER"]
[Date "2010.12.30"]
[Round "7"]
[White "Di Capua, Francesco Stefano"]
[Black "Moritz, Aron"]
[Result "0-1"]
[Termination "normal"]
[Board "4.1"]
[WhiteElo "1747"]
[BlackElo "2089"]
[WhiteTeam "SK Gernsheim"]
[BlackTeam "Empor Berlin"]
[PlyCount "48"]
[WhiteFideId "24698903"]
[BlackFideId "24672319"]
[EventCountry "GER"]
[EventRounds "7"]
[EventType "team-swiss"]
[EventDate "2010.12.26"]

1. e4 c5 2. Nf3 d6 3. d4 cxd4 4. Nxd4 Nf6 5. Nc3 g6 6. Bg5 Bg7 7. Bb5+ Nbd7 8.
Qe2 a6 9. Bxd7+ Bxd7 10. O-O-O O-O 11. f4 Bg4 12. Nf3 Qa5 13. e5 Bxf3 14. gxf3
Nh5 15. Bxe7 Nxf4 16. Qe4 Bxe5 17. Bxf8 Rxf8 18. Qxb7 Bxc3 19. bxc3 Ne2+ 20.
Kb2 Qxc3+ 21. Kb1 Qa5 22. Kb2 Qe5+ 23. Ka3 Nd4 24. Qe4 Nb5+ 0-1

[Event "DVM U16 2010"]
[Site "Naumburg (Saale) GER"]
[Date "2010.12.30"]
[Round "7"]
[White "Kazman, Caner"]
[Black "Fornoff, Robin"]
[Result "1-0"]
[Termination "normal"]
[Board "4.2"]
[WhiteElo "1878"]
[BlackElo "1663"]
[WhiteTeam "Empor Berlin"]
[BlackTeam "SK Gernsheim"]
[PlyCount "51"]
[WhiteFideId "24684953"]
[BlackFideId "24698890"]
[EventCountry "GER"]
[EventRounds "7"]
[EventType "team-swiss"]
[EventDate "2010.12.26"]

1. d4 d5 2. c4 dxc4 3. Nc3 e5 4. e3 exd4 5. exd4 g6 6. Bxc4 Bg7 7. Nf3 Ne7 8.
O-O h6 9. Bf4 O-O 10. Be5 Nd7 11. Re1 Nxe5 12. Nxe5 c6 13. Qe2 Nd5 14. Bxd5
cxd5 15. Qb5 a6 16. Qxd5 Qb6 17. Na4 Qe6 18. Qxe6 Bxe6 19. Nc5 Bd5 20. Ncd7
Rfd8 21. Nb6 Rab8 22. Ned7 Bxd4 23. Nxb8 Bxb6 24. Red1 Bc7 25. Rac1 Bxb8 26.
Rc5 1-0

[Event "DVM U16 2010"]
[Site "Naumburg (Saale) GER"]
[Date "2010.12.30"]
[Round "7"]
[White "Müller, Markus"]
[Black "Lachmann, Daniel"]
[Result "1-0"]
[Termination "normal"]
[Board "4.3"]
[WhiteElo "1556"]
[BlackElo "1758"]
[WhiteTeam "SK Gernsheim"]
[BlackTeam "Empor Berlin"]
[PlyCount "105"]
[WhiteFideId "24660590"]
[BlackFideId "24615986"]
[EventCountry "GER"]
[EventRounds "7"]
[EventType "team-swiss"]
[EventDate "2010.12.26"]

1. d4 Nf6 2. Bg5 Ne4 3. Bf4 b6 4. f3 Nf6 5. e4 e6 6. Bd3 Be7 7. Ne2 Bb7 8. O-O
O-O 9. Nd2 c5 10. c3 Nc6 11. Rc1 Rc8 12. Qe1 h6 13. Be3 cxd4 14. cxd4 Nb4 15.
Bb1 Rxc1 16. Qxc1 Ba6 17. Re1 Qc8 18. Qxc8 Rxc8 19. Rc1 Rxc1+ 20. Nxc1 d5 21.
Bf4 Nc6 22. Ncb3 Bb4 23. a3 Bxd2 24. Bxd2 dxe4 25. fxe4 Bc4 26. d5 exd5 27.
exd5 Bxd5 28. Nc1 Ne4 29. Bxe4 Bxe4 30. Bc3 g6 31. Ne2 Na5 32. Nd4 a6 33. Bxa5
bxa5 34. Nb3 f5 35. Nxa5 Bd5 36. b3 Kf7 37. Kf2 g5 38. g3 Ke6 39. Ke3 Ke5 40.
Nc4+ Bxc4 41. bxc4 a5 42. h4 g4 43. h5 a4 44. c5 Kd5 45. Kf4 Kxc5 46. Kxf5 Kd5
47. Kg6 Ke6 48. Kxh6 Kf6 49. Kh7 Kf7 50. h6 Kf8 51. Kg6 Kg8 52. Kg5 Kh7 53. Kh5
1-0

[Event "DVM U16 2010"]
[Site "Naumburg (Saale) GER"]
[Date "2010.12.30"]
[Round "7"]
[White "Alcer, Fabian"]
[Black "Hofmann, Christoph"]
[Result "1-0"]
[Termination "normal"]
[Board "4.4"]
[WhiteElo "1780"]
[BlackElo "1640"]
[WhiteTeam "Empor Berlin"]
[BlackTeam "SK Gernsheim"]
[PlyCount "61"]
[WhiteFideId "24693898"]
[BlackFideId "24698857"]
[EventCountry "GER"]
[EventRounds "7"]
[EventType "team-swiss"]
[EventDate "2010.12.26"]

1. e4 c5 2. c3 Nf6 3. e5 Nd5 4. d4 cxd4 5. cxd4 e6 6. Nc3 Nxc3 7. bxc3 d6 8.
Ba3 Qc7 9. Bb5+ Nd7 10. Qd3 a6 11. Bxd7+ Bxd7 12. Bxd6 Bxd6 13. exd6 Qxd6 14.
Ne2 Rc8 15. Qc2 Bb5 16. Qb3 Qc6 17. f3 O-O 18. Rc1 Qc4 19. Qxc4 Bxc4 20. a3 Rc7
21. Kd2 Rfc8 22. Rhe1 Kf8 23. Ng3 Rc6 24. Re3 Rb6 25. Kc2 Rb3 26. Ra1 Rc6 27.
Ne4 Rcb6 28. Nd2 Rb2+ 29. Kc1 Bf1 30. Nxf1 Rb1+ 31. Rxb1 1-0

[Event "DVM U16 2010"]
[Site "Naumburg (Saale) GER"]
[Date "2010.12.30"]
[Round "7"]
[White "Pererva, Viktor"]
[Black "Meyers, Mark"]
[Result "1-0"]
[Termination "normal"]
[Board "5.3"]
[WhiteElo "1962"]
[BlackElo "1676"]
[WhiteTeam "SSC Rostock"]
[BlackTeam "SF 1974 Heinsberg"]
[PlyCount "79"]
[WhiteFideId "24696463"]
[BlackFideId "12927716"]
[EventCountry "GER"]
[EventRounds "7"]
[EventType "team-swiss"]
[EventDate "2010.12.26"]

1. e4 c5 2. Nf3 Nc6 3. d4 cxd4 4. Nxd4 Nf6 5. Nc3 e6 6. Ndb5 Bc5 7. Bf4 e5 8.
Bg5 d6 9. Qd2 a6 10. Na3 Qb6 11. Nc4 Qc7 12. Bxf6 gxf6 13. Nd5 Qd8 14. Bd3 b5
15. Nce3 Be6 16. O-O Rg8 17. Kh1 Kd7 18. c3 Rg6 19. a4 Na5 20. Qc2 Bxe3 21.
fxe3 Nc4 22. Qe2 Bxd5 23. exd5 Rh6 24. axb5 axb5 25. b3 Nb6 26. Bxb5+ Ke7 27.
Bc6 Rb8 28. Ra7+ Kf8 29. b4 Kg8 30. Qg4+ Rg6 31. Qh5 Nc4 32. Rf3 Qb6 33. Re7
Qa6 34. h3 Nd2 35. Qf5 Qa1+ 36. Kh2 Nxf3+ 37. Qxf3 Qxc3 38. b5 Qc5 39. e4 Qc1
40. Rd7 1-0

[Event "DVM U16 2010"]
[Site "Naumburg (Saale) GER"]
[Date "2010.12.30"]
[Round "7"]
[White "Bodden, Daniel"]
[Black "Bardosch, Karl"]
[Result "1-0"]
[Termination "normal"]
[Board "5.4"]
[WhiteElo "1393"]
[BlackElo "1678"]
[WhiteTeam "SF 1974 Heinsberg"]
[BlackTeam "SSC Rostock"]
[PlyCount "33"]
[WhiteFideId "12910112"]
[BlackFideId "24696480"]
[EventCountry "GER"]
[EventRounds "7"]
[EventType "team-swiss"]
[EventDate "2010.12.26"]

1. e4 c5 2. b3 d6 3. Bb2 Nf6 4. Bb5+ Bd7 5. Bxd7+ Nbxd7 6. Qe2 Qc7 7. f4 e5 8.
Nf3 Be7 9. O-O O-O 10. d3 Rfd8 11. Nbd2 exf4 12. e5 dxe5 13. Nxe5 Bd6 14. Nxd7
Nxd7 15. Nc4 f6 16. Qe6+ Kh8 17. Nxd6 1-0

[Event "DVM U16 2010"]
[Site "Naumburg (Saale) GER"]
[Date "2010.12.30"]
[Round "7"]
[White "Tran, Duc Cuong"]
[Black "Hinrichs, Jan"]
[Result "1/2-1/2"]
[Termination "normal"]
[Board "6.1"]
[WhiteElo "1958"]
[BlackElo "1880"]
[WhiteTeam "LSV Turm Lippstadt"]
[BlackTeam "Hamburger SK"]
[PlyCount "51"]
[WhiteFideId "24689718"]
[BlackFideId "12907294"]
[EventCountry "GER"]
[EventRounds "7"]
[EventType "team-swiss"]
[EventDate "2010.12.26"]

1. e4 c5 2. Nf3 e6 3. d4 cxd4 4. Nxd4 Bc5 5. Nb3 Bb6 6. c4 Ne7 7. Nc3 O-O 8.
Be2 Nbc6 9. O-O f5 10. c5 Bc7 11. f4 fxe4 12. Nxe4 b6 13. Bc4 bxc5 14. Nexc5 d5
15. Bd3 e5 16. fxe5 Nxe5 17. Bg5 Rxf1+ 18. Qxf1 Bb6 19. Re1 Qd6 20. Kh1 N7c6
21. Bf4 Bxc5 22. Nxc5 Qxc5 23. Bxe5 Nxe5 24. Rxe5 Bb7 25. Bxh7+ Kxh7 26. Qf5+
1/2-1/2

[Event "DVM U16 2010"]
[Site "Naumburg (Saale) GER"]
[Date "2010.12.30"]
[Round "7"]
[White "Hinrichs, Lars"]
[Black "Scheer, Maximilian"]
[Result "1/2-1/2"]
[Termination "normal"]
[Board "6.2"]
[WhiteElo "1907"]
[BlackElo "1569"]
[WhiteTeam "Hamburger SK"]
[BlackTeam "LSV Turm Lippstadt"]
[PlyCount "71"]
[WhiteFideId "12921769"]
[BlackFideId "12927732"]
[EventCountry "GER"]
[EventRounds "7"]
[EventType "team-swiss"]
[EventDate "2010.12.26"]

1. c4 c5 2. g3 Nf6 3. Bg2 d5 4. cxd5 Nxd5 5. Nc3 Nxc3 6. bxc3 Qc7 7. Nf3 Nc6 8.
O-O e5 9. d3 Bd6 10. Be3 O-O 11. Nd2 f5 12. Nc4 Be7 13. f4 Be6 14. Nd2 Bd6 15.
Nb3 exf4 16. Bxf4 c4 17. dxc4 Bxf4 18. Rxf4 g5 19. Rf1 Bxc4 20. Bd5+ Bxd5 21.
Qxd5+ Qf7 22. Rxf5 Qxd5 23. Rxd5 h6 24. Rad1 Rae8 25. Nc1 Re3 26. R5d3 Re4 27.
Rd6 Kg7 28. Rd7+ Kg6 29. Rxb7 Ne5 30. Rd6+ Kh5 31. h3 g4 32. Rb5 Re3 33. Rdd5
Rxg3+ 34. Kh2 Rxh3+ 35. Kg2 Kh4 36. Rxe5 1/2-1/2

[Event "DVM U16 2010"]
[Site "Naumburg (Saale) GER"]
[Date "2010.12.30"]
[Round "7"]
[White "Valledor Pereira, Dominik Damian"]
[Black "Gröning, Finn Jonathan"]
[Result "0-1"]
[Termination "normal"]
[Board "6.3"]
[WhiteElo "1531"]
[BlackElo "1828"]
[WhiteTeam "LSV Turm Lippstadt"]
[BlackTeam "Hamburger SK"]
[PlyCount "148"]
[WhiteFideId "1271860"]
[BlackFideId "1271634"]
[EventCountry "GER"]
[EventRounds "7"]
[EventType "team-swiss"]
[EventDate "2010.12.26"]

1. e4 c6 2. d4 d5 3. exd5 cxd5 4. Bd3 Nc6 5. Nf3 Bg4 6. c3 e6 7. Bf4 Bd6 8. Bg3
Nf6 9. Nbd2 Rc8 10. O-O O-O 11. Re1 Bxg3 12. hxg3 h6 13. Rc1 a6 14. Rc2 Re8 15.
a3 Na5 16. Qc1 b5 17. b3 Bxf3 18. gxf3 Qb6 19. c4 Qxd4 20. cxb5 Rxc2 21. Qxc2
axb5 22. Bxb5 Rb8 23. a4 Qb4 24. Rc1 d4 25. Nc4 Nd5 26. Nxa5 Qxa5 27. Rd1 Qc3
28. Qxc3 Nxc3 29. Rxd4 Nxb5 30. axb5 Rxb5 31. Rd3 g5 32. g4 Kg7 33. Kf1 Rb4 34.
Kg2 Kf6 35. Re3 e5 36. Kg3 Ke6 37. Rd3 Rb5 38. Kg2 Rb4 39. Kg3 Rb6 40. Kg2 Rb5
41. Kg3 Rd5 42. Rc3 Rd4 43. Rc6+ Rd6 44. Rc3 Kd5 45. Rd3+ Kc6 46. Rxd6+ Kxd6
47. f4 gxf4+ 48. Kf3 Kc5 49. Ke4 f6 50. Kf5 Kb4 51. f3 Kxb3 52. Kxf6 e4 53.
fxe4 f3 54. e5 f2 55. e6 f1=Q+ 56. Kg7 Qf4 57. e7 Qxg4+ 58. Kf7 Qf5+ 59. Kg8
Qe6+ 60. Kf8 Qf6+ 61. Ke8 h5 62. Kd7 Qd4+ 63. Kc8 Qc5+ 64. Kd7 Qxe7+ 65. Kxe7
h4 66. Kd7 h3 67. Kc7 h2 68. Kb7 h1=Q+ 69. Kb8 Qh7 70. Ka8 Kb4 71. Kb8 Kb5 72.
Ka8 Kb6 73. Kb8 Qc7+ 74. Ka8 Qc8# 0-1

[Event "DVM U16 2010"]
[Site "Naumburg (Saale) GER"]
[Date "2010.12.30"]
[Round "7"]
[White "Sander, Dan Allan"]
[Black "Barkey, Thies"]
[Result "1/2-1/2"]
[Termination "normal"]
[Board "6.4"]
[WhiteElo "1659"]
[BlackElo "1447"]
[WhiteTeam "Hamburger SK"]
[BlackTeam "LSV Turm Lippstadt"]
[PlyCount "93"]
[WhiteFideId "12906964"]
[BlackFideId "12927740"]
[EventCountry "GER"]
[EventRounds "7"]
[EventType "team-swiss"]
[EventDate "2010.12.26"]

1. c4 c5 2. g3 Nc6 3. Bg2 Nf6 4. Nc3 g6 5. d3 d6 6. e4 Bg7 7. Nge2 e5 8. O-O
O-O 9. h3 h6 10. f4 a6 11. a4 Nh7 12. f5 g5 13. Be3 Nd4 14. Nd5 Nf6 15. Nec3 b6
16. Nxf6+ Bxf6 17. Nd5 Bb7 18. Nc3 Kg7 19. Rf2 Rh8 20. Nb1 h5 21. Bxd4 cxd4 22.
Bf3 h4 23. g4 a5 24. Na3 Bc6 25. Nb5 Bxb5 26. cxb5 Rc8 27. Rc1 Qd7 28. Rfc2 Rc5
29. Qd2 Rhc8 30. Kf1 Bd8 31. Rxc5 dxc5 32. Bd1 Kf8 33. Bb3 Qd6 34. Bd5 f6 35.
Qd1 Qe7 36. Qb3 Bc7 37. Ke2 Rd8 38. Bc4 Kg7 39. Kd2 Kh8 40. Rf1 Kg7 41. Kc2 Bb8
42. Be6 Rd6 43. Qc4 Bc7 44. Kb3 Bb8 45. Bd5 Qd7 46. Be6 Qe7 47. Bd5 1/2-1/2

[Event "DVM U16 2010"]
[Site "Naumburg (Saale) GER"]
[Date "2010.12.30"]
[Round "7"]
[White "Imgrunt, Philipp"]
[Black "Müller, Marius"]
[Result "1/2-1/2"]
[Termination "normal"]
[Board "7.1"]
[WhiteElo "1712"]
[BlackElo "2007"]
[WhiteTeam "SK Ettlingen"]
[BlackTeam "BSG Chemie Leipzig"]
[PlyCount "68"]
[WhiteFideId "1271139"]
[BlackFideId "24672378"]
[EventCountry "GER"]
[EventRounds "7"]
[EventType "team-swiss"]
[EventDate "2010.12.26"]

1. e4 d5 2. exd5 Nf6 3. d4 Nxd5 4. Nf3 Bf5 5. Bd3 Bg6 6. c4 Nb6 7. Nc3 e6 8. a3
Be7 9. Be3 O-O 10. O-O Bxd3 11. Qxd3 c5 12. Rfd1 Nc6 13. Qe2 cxd4 14. Nxd4 Qc8
15. Nxc6 Qxc6 16. Bxb6 Qxb6 17. Rab1 Rad8 18. Kf1 Qc7 19. Rxd8 Rxd8 20. Kg1 h6
21. h3 a6 22. a4 Rd4 23. b3 Qd7 24. Rd1 Rxd1+ 25. Qxd1 Qxd1+ 26. Nxd1 Bf6 27.
b4 Kf8 28. Kf1 Ke7 29. Ke2 Kd6 30. Kd3 g5 31. Ne3 Bg7 32. g4 b6 33. f3 Ke5 34.
b5 axb5 1/2-1/2